| 000 | 01438cam a2200397 i 4500 | ||
|---|---|---|---|
| 001 | 014857709 | ||
| 003 | EG-ScBUE | ||
| 005 | 20240602111110.0 | ||
| 008 | 081210t2008 cau f b 001 0 eng d | ||
| 020 | _a9780520259898 | ||
| 020 | _a0520259890 | ||
| 040 |
_aStDuBDS _beng _erda _cStDuBDS _dEG-ScBUE |
||
| 041 | 1 |
_aeng _hheb |
|
| 082 | 0 | 4 |
_a956.9404 _222 _bCOH |
| 100 | 1 |
_aCohen, Hillel, _eauthor. |
|
| 240 | 1 | 0 |
_aTseva ha-tselalim. _lEnglish |
| 245 | 1 | 0 |
_aArmy of shadows : _bPalestinian collaboration with Zionism, 1917-1948 / _cHillel Cohen ; translated by Haim Watzman. |
| 264 | 1 |
_aBerkeley ; _aLondon : _bUniversity of California Press, _c[2008] |
|
| 264 | 4 | _cc2008 | |
| 300 |
_aviii, 344 pages ; _c23 cm |
||
| 336 |
_2rdacontent _atext _btxt |
||
| 337 |
_aunmediated _2rdamedia _bn |
||
| 338 |
_avolume _bnc _2rdacarrier |
||
| 504 | _aIncludes bibliographical references and index. | ||
| 546 | _aText in English ; translated form Hebrew. | ||
| 650 | 7 |
_aJewish-Arab relations _xHistory _y1917-1948. _2BUEsh |
|
| 650 | 7 |
_aCollaborationists. _2BUEsh |
|
| 650 | 7 |
_aPalestinian Arabs _xPolitics and government _y20th century. _2BUEsh _929310 |
|
| 650 | 7 |
_aZionism _xHistory _y20th century. _2BUEsh _937237 |
|
| 650 | 7 |
_aJews _zPalestine _xPolitics and government _y20th century. _2BUEsh |
|
| 651 | _2BUEsh | ||
| 653 |
_bBUSBOL _cJanuary2018 |
||
| 655 | _vReading book | ||
| 700 | 1 |
_aWatzman, Haim‏, _etranslator. |
|
| 942 |
_2ddc _cBB |
||
| 999 |
_c25965 _d25937 |
||